Tennis - Le top 20 du classement ATP au 1er janvier 2006 - Statistiques

Statistiques générales
  • Ce quiz a été pris 14 fois
  • Le résultat moyen est 10 sur 20
Statistiques - réponses
Rang Joueur Pays Âge Points % Correct
2 Rafael Nadal Espagne 19 4 765
100%
1 Roger Federer Suisse 24 6 725
100%
3 Andy Roddick États-Unis 23 3 085
92%
6 David Nalbandian Argentine 24 2 370
85%
16 Richard Gasquet France 19 1 506
85%
4 Lleyton Hewitt Australie 24 2 490
77%
14 David Ferrer Espagne 23 1 620
69%
5 Nikolay Davydenko Russie 24 2 390
62%
7 Andre Agassi États-Unis 35 2 275
54%
12 Marat Safin Russie 25 1 730
54%
8 Guillermo Coria Argentine 23 2 190
46%
17 Juan Carlos Ferrero Espagne 25 1 500
46%
11 Fernando Gonzalez Chili 25 1 790
38%
9 Ivan Ljubicic Croatie 26 2 180
38%
10 Gaston Gaudio Argentine 27 2 050
23%
19 Tommy Robredo Espagne 23 1 490
23%
13 Thomas Johansson Suède 30 1 645
15%
18 Dominik Hrbaty Slovaquie 27 1 490
8%
20 Radek Stepanek Tchéquie 27 1 440
8%
15 Robby Ginepri États-Unis 23 1 520
8%
Aucun quiz correspondant
Distribution des résultats
% des personnes avec chaque résultat
Percentile par nombre de réponses
Votre historique - résultats
Vous n’avez pas pris ce quiz